| 000 | 01208cam a22002655a 4500 | ||
|---|---|---|---|
| 001 | 18239087 | ||
| 005 | 20161019150143.0 | ||
| 008 | 140723t2016 mau frb 001 0 eng d | ||
| 020 | _a9781284038538 (pbk.) | ||
| 040 |
_aDNLM/DLC _cDLC _dDLC _dEG-ScBUE _beng |
||
| 082 | 0 | 4 |
_a618.20231 _bMAT _222 |
| 245 | 0 | 0 |
_aMaternal newborn nursing care plans / _cedited by Carol J. Green. |
| 250 | _a3rd ed. | ||
| 260 |
_aBurlington : _bJones & Bartlett Learning, _cc.2016. |
||
| 300 |
_aix, 472 p. ; _c28 cm. |
||
| 500 | _aIndex : p. 459-472. | ||
| 504 | _aIncludes bibliographical references. | ||
| 505 | 0 | _aHow to use this books -- Nursing care plans (generic) -- Collaborative care plans (generic) -- Normal pregnancy -- Pregnancy complicated by medical and other complications -- Gestational complications -- Normal intrapartum -- Intrapartum complications -- Postpartum care -- Normal postpartum care -- Postpartum complications -- Normal newborn care -- Neonatal complications. | |
| 650 | 7 |
_aMaternity nursing. _2BUEsh _912162 |
|
| 650 | 7 |
_aNursing care plans. _936310 _2BUEsh |
|
| 651 | _2BUEsh | ||
| 653 |
_bNNUR _cFebruary2016 _cMay2016 _cOctober2016 |
||
| 700 | 1 |
_aGreen, Carol J., _eeditor. |
|
| 942 | _2ddc | ||
| 999 |
_c21176 _d21148 |
||